| 000 | 00853cam a22002531 4500 | ||
|---|---|---|---|
| 001 | gs 52000050 | ||
| 003 | DLC | ||
| 005 | 20260227111358.0 | ||
| 008 | 810425s1951 sa b f000 0 eng c | ||
| 010 | _ags 52000050 | ||
| 035 | _a(OCoLC)7367098 | ||
| 040 |
_aU.S. Geol. Survey Library _cViBlbV _dViBlbV _dDLC |
||
| 042 | _apremarc | ||
| 050 | 0 | 0 |
_aQE537 _b.K7 |
| 100 | 1 |
_aKrige, Leo Jacobus, _d1884- |
|
| 245 | 1 | 0 |
_aEarthquakes in South Africa, _cby L. J. Krige and B. D. Maree. |
| 260 |
_aPretoria, _bGovt. Printer, _c1951. |
||
| 300 |
_a14 p. _bfold. map. _c24 cm. |
||
| 490 | 1 |
_aSouth Africa. Dept. of Mines. Geological series. Bulletin _vno. 20 |
|
| 504 | _aBibliography: p. 14. | ||
| 650 | 0 |
_aEarthquakes _zSouth Africa. |
|
| 700 | 1 | _aMaree, B. D. | |
| 830 | 0 |
_aGeological series. Bulletin (South Africa. Geological Survey Division) ; _vno. 20. |
|
| 999 |
_c28613 _d28613 |
||